<?xml version="1.0" encoding="UTF-8"?><?xml-stylesheet type="text/xsl" href="static/style.xsl"?><OAI-PMH xmlns="http://www.openarchives.org/OAI/2.0/" xmlns:xsi="http://www.w3.org/2001/XMLSchema-instance" xsi:schemaLocation="http://www.openarchives.org/OAI/2.0/ http://www.openarchives.org/OAI/2.0/OAI-PMH.xsd"><responseDate>2026-04-17T19:01:33Z</responseDate><request verb="GetRecord" identifier="oai:www.recercat.cat:2445/154619" metadataPrefix="marc">https://recercat.cat/oai/request</request><GetRecord><record><header><identifier>oai:recercat.cat:2445/154619</identifier><datestamp>2025-12-04T21:42:57Z</datestamp><setSpec>com_2072_1057</setSpec><setSpec>col_2072_478917</setSpec><setSpec>col_2072_478933</setSpec></header><metadata><record xmlns="http://www.loc.gov/MARC21/slim" xmlns:dcterms="http://purl.org/dc/terms/" xmlns:xsi="http://www.w3.org/2001/XMLSchema-instance" xmlns:doc="http://www.lyncode.com/xoai" xsi:schemaLocation="http://www.loc.gov/MARC21/slim http://www.loc.gov/standards/marcxml/schema/MARC21slim.xsd">
   <leader>00925njm 22002777a 4500</leader>
   <datafield ind2=" " ind1=" " tag="042">
      <subfield code="a">dc</subfield>
   </datafield>
   <datafield ind2=" " ind1=" " tag="720">
      <subfield code="a">Aravena Ponce, Daniel Alejandro</subfield>
      <subfield code="e">author</subfield>
   </datafield>
   <datafield ind2=" " ind1=" " tag="720">
      <subfield code="a">Venegas-Yazigi, Diego</subfield>
      <subfield code="e">author</subfield>
   </datafield>
   <datafield ind2=" " ind1=" " tag="720">
      <subfield code="a">Ruiz Sabín, Eliseo</subfield>
      <subfield code="e">author</subfield>
   </datafield>
   <datafield ind2=" " ind1=" " tag="260">
      <subfield code="c">2020-04-01T08:24:18Z</subfield>
   </datafield>
   <datafield ind2=" " ind1=" " tag="260">
      <subfield code="c">2020-04-01T08:24:18Z</subfield>
   </datafield>
   <datafield ind2=" " ind1=" " tag="260">
      <subfield code="c">2016-07-04</subfield>
   </datafield>
   <datafield ind2=" " ind1=" " tag="260">
      <subfield code="c">2020-04-01T08:24:18Z</subfield>
   </datafield>
   <datafield ind2=" " ind1=" " tag="520">
      <subfield code="a">Single-molecule magnet (SMM) properties of transition-metal complexes coordinated to lacunary polyoxo-metalates (POM) are studied by means of state of the art ab initio methodology. Three [M(gamma-SiW10O36)(2)] (M =Mn-III Fe-III, Co-II) complexes synthesized by Sato et al. (Chem. Commun. 2015, 51, 4081-4084) are analyzed in detail. SMM properties for the Coll and Mninnsystems can be rationalized due to the presence of low-energy excitations in the case of Co-II, which are much higher in energy in the case of Mn-II. The magnetic behavior of both cases is consistent with simple d-orbital splitting considerations. The case of the Fe-III complex is special, as it presents a sizable demagnetization barrier for a high-spin d(5) configuration, which should be magnetically isotropic. We conclude that a plausible explanation for this behavior is related to the presence of low-lying quartet and doublet states from the iron(III) center. This scenario is supported by ab initio ligand field analysis based on complete active space self-consistent field results, which picture a d-orbital splitting that resembles more a square-planar geometry than an octahedral one, stabilizing lower multiplicity states. This coordination environment is sustained by the rigidity of the POM ligand, which imposes a longer axial bond distance to the inner oxygen atom in comparison to the more external, equatorial donor atoms.</subfield>
   </datafield>
   <datafield tag="653" ind2=" " ind1=" ">
      <subfield code="a">Anisotropia</subfield>
   </datafield>
   <datafield tag="653" ind2=" " ind1=" ">
      <subfield code="a">Magnetisme</subfield>
   </datafield>
   <datafield tag="653" ind2=" " ind1=" ">
      <subfield code="a">Anisotropy</subfield>
   </datafield>
   <datafield tag="653" ind2=" " ind1=" ">
      <subfield code="a">Magnetism</subfield>
   </datafield>
   <datafield ind2="0" ind1="0" tag="245">
      <subfield code="a">Single-molecule magnet properties of transition-metal ions encapsulated in lacunary polyoxometalates: a theoretical study</subfield>
   </datafield>
</record></metadata></record></GetRecord></OAI-PMH>